Finančné transakcie systému národných účtov ESA 2010
Pokračovanie príspevku z predchádzajúceho čísla. Podrobná klasifikácia prvej z troch časti finančných transakcií podľa kategórie používanú v rámci systému ESA 2010.
Na minha lista:
| Autor principal: | |
|---|---|
| Formato: | Capítulo de Livro |
| Idioma: | eslovaco |
| Assuntos: | |
| Tags: |
Sem tags, seja o primeiro a adicionar uma tag!
|
MARC
| LEADER | 00000naa a2200000 4500 | ||
|---|---|---|---|
| 001 | 0253344 | ||
| 005 | 20260205072456.1 | ||
| 041 | 0 | |a slo | |
| 044 | |a SK | ||
| 245 | 1 | 0 | |a Finančné transakcie systému národných účtov ESA 2010 |c Zuzana Staríčková |
| 520 | |a Pokračovanie príspevku z predchádzajúceho čísla. Podrobná klasifikácia prvej z troch časti finančných transakcií podľa kategórie používanú v rámci systému ESA 2010. | ||
| 610 | 2 | 0 | |a účty národné |
| 610 | 2 | 0 | |a obeživo |
| 610 | 2 | 0 | |a papiere cenné |
| 610 | 2 | 0 | |a zlato |
| 610 | 2 | 0 | |a mena |
| 610 | 2 | 0 | |a vklady |
| 100 | 1 | |a Staríčková, Zuzana | |